Úvaha o nedotknuteľnosti vybraných verejnoprávnych pohľadávok v konaní o oddlžení De Lege Ferenda
Vhodnosť a potreba zvýšenej ochrany pohľadávok na verejnom zdravotnom poistení v konaní o oddlžení fyzickej osoby.
Na minha lista:
| Autor principal: | |
|---|---|
| Formato: | Capítulo de Livro |
| Idioma: | eslovaco |
| Assuntos: | |
| Tags: |
Sem tags, seja o primeiro a adicionar uma tag!
|
MARC
| LEADER | 00000naa a2200000 4500 | ||
|---|---|---|---|
| 001 | 0249311 | ||
| 005 | 20181204065957.5 | ||
| 041 | 0 | |a slo | |
| 044 | |a SK | ||
| 245 | 1 | 0 | |a Úvaha o nedotknuteľnosti vybraných verejnoprávnych pohľadávok v konaní o oddlžení De Lege Ferenda |c Michal Krajčovič |
| 520 | |a Vhodnosť a potreba zvýšenej ochrany pohľadávok na verejnom zdravotnom poistení v konaní o oddlžení fyzickej osoby. | ||
| 610 | 2 | 0 | |a pohľadávky |
| 610 | 2 | 0 | |a poistenie zdravotné |
| 610 | 2 | 0 | |a oddlženie |
| 610 | 2 | 0 | |a úpadok podniku |
| 610 | 2 | 0 | |a dlžníci |
| 100 | 1 | |a Krajčovič, Michal | |